000 00353 a2200121 4500
001 ART_2667
005 20260410161728.0
008 260409a
245 1 0 _aGerentes versus propietarios
100 1 _aDutto Giolongo, Martín
700 1 _aGallacher, Marcos
773 0 _tCiencias económicas
_g- Año 6, Vol. 1 (sep. 2008)
_wREV2567
999 _c17606
_d17606